Star Wars Characters By Letter - C - Statistics

General Stats
  • This quiz has been taken 110 times
  • The average score is 12 of 16
Answer Stats
Picture Answer % Correct
C-3PO
100%
Count Dooku
100%
Chewbacca
99%
Commander Cody
96%
Captain Phasma
93%
Cad Bane
91%
Captain Rex
91%
Cassian Andor
84%
Captain Panaka
81%
Chopper
76%
Cal Kestis
74%
Chirrut Imwe
60%
Cara Dune
52%
Chief Chirpa
41%
Ciddarin Scaleback
41%
Carson Teva
22%
No matching quizzes found
Score Distribution
Percent of People with Each Score
Percentile by Number Answered
Your Score History
You have not taken this quiz